000
00295nam a2200121Ia 4500
008
230822s2013 xx 000 0 und d
020
_a
978-93-5009-685-7
041
_a
eng
100
_a
CHALLONER JACK
245
_a
1001 INVENTIONS THAT CHANGED THE WORLD
260
_b
NA
_c
2013
300
_a
960
999
_c
858842
_d
858842